El duque de Alba contra Juan Carrizo, como curador de los hijos de Feliciano de Frías, sobre la posesión de una alcavala

Detalles Bibliográficos
Otros Autores: Duque de Alba
Formato: Libro
Publicado: s.l., s.f.
Materias:
Colección:Banco de datos
Acervo:Biblioteca Palafoxiana. Colección de Manuscritos
Descripción Física:3 f. ; 20.5 x 29 cm.
Tema general:Civil
LEADER 00451nam a22001450004500
035 |a 794 
245 1 0 |a El duque de Alba contra Juan Carrizo, como curador de los hijos de Feliciano de Frías, sobre la posesión de una alcavala 
260 |a s.l., s.f. 
300 |a 3 f. ; 20.5 x 29 cm. 
650 1 0 |a Civil 
700 1 |a Duque de Alba 
949 |a 19679/002 
942 |c PALAMANU 
943 |g Biblioteca Palafoxiana. Colección de Manuscritos 
999 |c 1068739  |d 1068739